Normal view
MARC view
- Ursula Mae L. Apiado
Entry Personal Name
001 - CONTROL NUMBER
- control field: 3815
003 - CONTROL NUMBER IDENTIFIER
- control field: URS
005 - DATE AND TIME OF LATEST TRANSACTION
- control field: 20230220104110.0
008 - FIXED-LENGTH DATA ELEMENTS
- fixed length control field: 230220|| aca||aabn | a|a d
040 ## - CATALOGING SOURCE
- Original cataloging agency: URS
100 ## - HEADING--PERSONAL NAME
- Personal name: Ursula Mae L. Apiado
- Relator term: Author


































